000 00531nam a2200157Ia 4500
008 230921s9999||||xx |||||||||||||| ||und||
020 _a978-3-030-23295-5
041 _aEN
100 _aGary S. Foster, William E. Lovekamp
245 0 _aCemeteries and the Life of a Smoky Mountain Community
250 _a1st ed. 2019
260 _c2019
_bSpringer International Publishing
856 _uhttps://doi.org/10.1007/978-3-030-23295-5
856 _uhttps://link.springer.com/openurl?genre=book&isbn=978-3-030-23295-5
942 _cEB
999 _c260722
_d260722